000 00453nam a2200121Ia 4500
008 220615s9999||||xx |||||||||||||| ||und||
100 _aJanko Samardzic
245 0 _aGABA And Glutamate - New Developments In Neurotransmission Research
546 _aEnglish[eng]
650 _aLife Sciences||Neuroscience||Molecular Neuroscience
856 _uhttps://www.intechopen.com/books/gaba-and-glutamate-new-developments-in-neurotransmission-research
942 _cEB
999 _c9311
_d9311